MARC details
| 001 - CONTROL NUMBER |
| control field |
23739031 |
| 003 - CONTROL NUMBER IDENTIFIER |
| control field |
0000 |
| 005 - DATE AND TIME OF LATEST TRANSACTION |
| control field |
20251015151344.0 |
| 008 - FIXED-LENGTH DATA ELEMENTS--GENERAL INFORMATION |
| fixed length control field |
240617s2025 flu b 001 0 eng |
| 010 ## - LIBRARY OF CONGRESS CONTROL NUMBER |
| LC control number |
2024026787 |
| 020 ## - INTERNATIONAL STANDARD BOOK NUMBER |
| International Standard Book Number |
9781032656953 |
| 035 ## - SYSTEM CONTROL NUMBER |
| System control number |
23739031 |
| 040 ## - CATALOGING SOURCE |
| Original cataloging agency |
DNLM/DLC |
| Language of cataloging |
eng |
| Description conventions |
rda |
| Transcribing agency |
DLC |
| Modifying agency |
DLC |
| 042 ## - AUTHENTICATION CODE |
| Authentication code |
pcc |
| 050 00 - LIBRARY OF CONGRESS CALL NUMBER |
| Classification number |
QM 563 .F37 |
| 060 10 - NATIONAL LIBRARY OF MEDICINE CALL NUMBER |
| Classification number |
WE 500 |
| 082 00 - DEWEY DECIMAL CLASSIFICATION NUMBER |
| Classification number |
612.7/5 |
| Edition number |
23/eng/20250116 |
| 100 ## - MAIN ENTRY--PERSONAL NAME |
| Personal name |
Lesondak, David (editor) |
| 245 00 - TITLE STATEMENT |
| Title |
Fascia, function, and medical applications / |
| Statement of responsibility, etc |
edited by David Lesondak and Angeli Maun Akey. |
| 250 ## - EDITION STATEMENT |
| Edition statement |
2nd ed. |
| 263 ## - PROJECTED PUBLICATION DATE |
| Projected publication date |
2503 |
| 264 #1 - PUBLICATION, DISTRIBUTION, ETC. (IMPRINT) |
| Place of publication, distribution, etc |
Boca Raton FL : |
| Name of publisher, distributor, etc |
CRC Press, |
| Date of publication, distribution, etc |
2025. |
| 300 ## - PHYSICAL DESCRIPTION |
| Extent |
xv, 316p. ill. |
| 336 ## - CONTENT TYPE |
| Content type term |
text |
| Content type code |
txt |
| Source |
rdacontent |
| 337 ## - MEDIA TYPE |
| Media type term |
unmediated |
| Media type code |
n |
| Source |
rdamedia |
| 338 ## - CARRIER TYPE |
| Carrier type term |
volume |
| Carrier type code |
nc |
| Source |
rdacarrier |
| 504 ## - BIBLIOGRAPHY, ETC. NOTE |
| Bibliography, etc |
Includes bibliographical references and index. |
| 505 0# - FORMATTED CONTENTS NOTE |
| Formatted contents note |
De Fabrica Humani Corporis : Fascia as the Fabric of the Body / Jaap van der Wal -- The Fascial Net Plastination Project / Rachelle Clauson -- The Importance of Fascial Models in Anatomical Education / Laurice Nemetz, Vladimir Chereminsky, Robert Schleip -- Fascial Anatomy / Carla Stecco, -- Physiology of the Fascia / Antonio Stecco -- Innervation of the Fascia / Robert Schleip PhD -- Fascia and the Circulatory System / Anita Boser, CHP, BCSI and Kirstin Schumaker, ATSI -- Factors Influencing the Extracellular Matrix: Fascia as a Changing Structure / Caterina Fede -- Exploration In Vivo of Living Human Fascia Using Intratissular Endoscopy : A New Approach to the Study of Living Matter / Jean-Claude Guimberteau -- The mechanical behavior of the fascial system / Lorenza Bonaldi, Alice Berardo, and Chiara Giulia Fontanella -- Applied Biotensegrity / Bradley D Fullerton -- Effects of Loading and Nutriton / Kenneth Tam, Keith Barr -- Hormonal Effects on Fascia in Women / Angeli Akey and Kathleen O'Neil Smith -- Does Fascia Stretch? / Chris Frederick -- The Fascial System in Walking / James Earls -- Postural Evaluation / Katja Bartsch -- Visual Assessment of Postural Antecedents in Non-Specific Low Back Pain / Thomas W Myers -- Anatomy Trains Structural Integration / Julie Hammond -- Myofascial Trigger Point Therapy: History, Perspectives, and Treatment / Richard Finn -- Fascial Manipulation / Antonio Stecco -- Dermal Fascial Restoration / Chris Frederick -- Fascia Stretch Therapy / Chris Frederick -- Scar Tissue Management / Catherine Ryan and Nancy Keeney-Smith -- Exercise and Fascial Movement Therapy for Cancer Survivors : Potential Benefits and Recommendation / PJ O'Clair -- Clinical Foundations and Applications for Self-Myofascial Release with Balls, Rollers and Tools / Jill Miller -- Yoga Styles and Fascia : A Holistic Approach to Movement and Wellness / Laurice Nemetz -- Fascia and the Health Benefits of Tai Chi / Patricia Huston. |
| 520 ## - SUMMARY, ETC. |
| Summary, etc |
"Fascia is the biodynamic tissue that connects every muscle, bone, organ, and nerve in the body, it is an emerging field in healthcare and allied health modalities. Following its predecessor, the second edition is essential reading for medical and allied health practitioners who want to bring scientific insights of the importance of fascia to human health into their clinical practices. It contains contributions from a team of top researchers and expert practitioners including physicians, clinicians, therapists, dissectors, and surgeons. Illustrated in full color throughout, this book presents a vital update to the first edition to include the most up-to-date science and practical applications, written by the experts themselves. It provides insight and explanations for problems including chronic low back pain, frozen shoulder, post-partum issues, chronic inflammation, and other symptoms that may not respond to more conventional treatments. It gives healthcare practitioners information they need to make better decisions to improve the health of patients, often without pharmaceuticals or surgeries"-- |
| Assigning source |
Provided by publisher. |
| 650 12 - SUBJECT ADDED ENTRY--TOPICAL TERM |
| Topical term or geographic name as entry element |
Fascia |
| General subdivision |
physiology |
| 650 12 - SUBJECT ADDED ENTRY--TOPICAL TERM |
| Topical term or geographic name as entry element |
Fascia |
| General subdivision |
physiopathology |
| 650 22 - SUBJECT ADDED ENTRY--TOPICAL TERM |
| Topical term or geographic name as entry element |
Fascia |
| General subdivision |
anatomy & histology |
| 700 1# - ADDED ENTRY--PERSONAL NAME |
| Personal name |
Lesondak, David, |
| Relator term |
editor. |
| 700 1# - ADDED ENTRY--PERSONAL NAME |
| Personal name |
Akey, Angeli Maun, |
| Relator term |
editor. |
| 776 08 - ADDITIONAL PHYSICAL FORM ENTRY |
| Relationship information |
Online version: |
| Title |
Fascia, function, and medical applications |
| Edition |
Second edition. |
| Place, publisher, and date of publication |
Boca Raton FL : CRC Press, 2025 |
| International Standard Book Number |
9781032675886 |
| Record control number |
(DLC) 2024026788 |
| 906 ## - LOCAL DATA ELEMENT F, LDF (RLIN) |
| a |
7 |
| b |
cbc |
| c |
orignew |
| d |
1 |
| e |
ecip |
| f |
20 |
| g |
y-gencatlg |
| 942 ## - ADDED ENTRY ELEMENTS (KOHA) |
| Source of classification or shelving scheme |
Library of Congress Classification |
| Koha item type |
Books |